[Event "8. Open Bali sub-2300"]
[Site "Benidorm ESP"]
[Date "2009.12.05"]
[Round "8.34"]
[White "Roche Simon, Manuel Angel"]
[Black "Campayo Hernandez, Juan"]
[Result "1-0"]
[WhiteElo "2082"]
[BlackElo "2185"]
[PlyCount "49"]
[EventDate "2009.11.28"]
[EventType "swiss"]
[EventRounds "10"]
[EventCountry "ESP"]
[Source "lmi"]
[SourceDate "2009.11.28"]

1. e4 e6 2. d4 d5 3. Nc3 Nf6 4. Bg5 dxe4 5. Nxe4 Be7 6. Bxf6 gxf6 7. Nf3 f5 8.
Ng3 a6 9. Qd2 b5 10. a4 b4 11. Bc4 Bb7 12. d5 Bf6 13. O-O-O e5 14. Rhe1 Nd7 15.
Nxf5 Rg8 16. Kb1 a5 17. Bb5 Kf8 18. Qh6+ Bg7 19. Nxg7 Rxg7 20. Nxe5 Nf6 21. Nc4
Nxd5 22. Bc6 Rb8 23. Rxd5 Qxd5 24. Bxd5 Bxd5 25. Re5 1-0

[Event "8. Open Bali sub-2300"]
[Site "Benidorm ESP"]
[Date "2009.12.05"]
[Round "8.35"]
[White "Andres Terrado, Miguel Angel"]
[Black "Tejero Royo, Fermin"]
[Result "0-1"]
[WhiteElo "2062"]
[BlackElo "2170"]
[PlyCount "64"]
[EventDate "2009.11.28"]
[EventType "swiss"]
[EventRounds "10"]
[EventCountry "ESP"]
[Source "lmi"]
[SourceDate "2009.11.28"]

1. e4 e5 2. Nf3 Nc6 3. Bc4 Nf6 4. Nc3 Bc5 5. d3 d6 6. Bg5 h6 7. Be3 Bb6 8. Qd2
Nd4 9. Ne2 Nxe2 10. Qxe2 Qe7 11. g3 c6 12. O-O-O Bg4 13. h3 Bxf3 14. Qxf3 Bxe3+
15. Qxe3 Nd7 16. d4 Nb6 17. Bb3 O-O-O 18. f4 exf4 19. Qxf4 d5 20. exd5 Nxd5 21.
Qg4+ Kc7 22. Qxg7 Rdg8 23. Qe5+ Qxe5 24. dxe5 Rxg3 25. Bxd5 cxd5 26. Rxd5 Re8
27. Kd2 Rg5 28. Rf1 Kc6 29. Rd6+ Kc5 30. Rxh6 Rgxe5 31. Rf2 Rd8+ 32. Kc3 Re3#
0-1

[Event "8. Open Bali sub-2300"]
[Site "Benidorm ESP"]
[Date "2009.12.05"]
[Round "8.36"]
[White "Nicolas Zapata, Irene"]
[Black "Minnican, Alan"]
[Result "0-1"]
[WhiteElo "2241"]
[BlackElo "2105"]
[PlyCount "38"]
[EventDate "2009.11.28"]
[EventType "swiss"]
[EventRounds "10"]
[EventCountry "ESP"]
[Source "lmi"]
[SourceDate "2009.11.28"]

1. c4 e5 2. g3 Nc6 3. Bg2 f5 4. Nc3 Nf6 5. d3 Bb4 6. Bd2 Bxc3 7. Bxc3 O-O 8.
Nf3 d6 9. O-O Qe8 10. b4 Qh5 11. b5 Ne7 12. c5 f4 13. Qd2 Bh3 14. e3 Ned5 15.
exf4 Nxf4 16. Ne1 Bxg2 17. Nxg2 Nh3+ 18. Kh1 Ng4 19. Nh4 Ngxf2+ 0-1

[Event "8. Open Bali sub-2300"]
[Site "Benidorm ESP"]
[Date "2009.12.05"]
[Round "8.54"]
[White "Estevez Jacome, Jose Ramon"]
[Black "Nicolas Zapata, Javier"]
[Result "0-1"]
[WhiteElo "2051"]
[BlackElo "1919"]
[PlyCount "40"]
[EventDate "2009.11.28"]
[EventType "swiss"]
[EventRounds "10"]
[EventCountry "ESP"]
[Source "lmi"]
[SourceDate "2009.11.28"]

1. e4 c5 2. d4 cxd4 3. Nf3 e6 4. Nxd4 a6 5. Nc3 Qc7 6. Bd3 Nf6 7. O-O Bc5 8.
Be3 d6 9. f4 e5 10. fxe5 dxe5 11. Rxf6 exd4 12. Nd5 Qd8 13. Bg5 Be7 14. Rxf7
Bxg5 15. Rxg7 Kf8 16. Rc7 Nd7 17. Qh5 Ne5 18. Rf1+ Kg8 19. Nf6+ Bxf6 20. Rxf6
Qxc7 0-1

[Event "8. Open Bali sub-2300"]
[Site "Benidorm ESP"]
[Date "2009.12.06"]
[Round "9.1"]
[White "Longa Yauca, Javier"]
[Black "Nikolaidis, Konstantinos"]
[Result "1/2-1/2"]
[WhiteElo "2267"]
[BlackElo "2241"]
[PlyCount "132"]
[EventDate "2009.11.28"]
[EventType "swiss"]
[EventRounds "10"]
[EventCountry "ESP"]
[Source "lmi"]
[SourceDate "2009.11.28"]

1. d4 Nf6 2. Nf3 e6 3. Bg5 h6 4. Bh4 c5 5. e3 cxd4 6. exd4 Be7 7. c3 b6 8. Nbd2
O-O 9. Bd3 Bb7 10. O-O d6 11. a4 Nc6 12. Qe2 Re8 13. Rfd1 Nh5 14. Bxe7 Qxe7 15.
g3 Nf6 16. Re1 Qc7 17. Ba6 Bxa6 18. Qxa6 e5 19. dxe5 dxe5 20. Ne4 Nxe4 21. Rxe4
Rad8 22. Qc4 Qd6 23. Rae1 Kf8 24. g4 Qd5 25. h4 f6 26. h5 Ne7 27. Qb4 Qd6 28.
Qb5 Rd7 29. Nh4 Qc5 30. Qxc5 bxc5 31. f4 Nc6 32. fxe5 Nxe5 33. Ng6+ Kg8 34.
Nxe5 Rde7 35. Kg2 Rxe5 36. Rxe5 fxe5 37. Re4 Kf7 38. Rc4 Rb8 39. Rxc5 Rxb2+ 40.
Kf3 Kf6 41. Rc6+ Kf7 42. Rc7+ Kf6 43. Rxa7 Rb3 44. Rc7 Ra3 45. Rc6+ Kf7 46. Rc4
Ke6 47. Ke4 Kd6 48. Kf5 Kd5 49. Re4 Rxc3 50. Rxe5+ Kd6 51. Re6+ Kd5 52. Re7
Rf3+ 53. Kg6 Rf4 54. Rxg7 Rxg4+ 55. Kxh6 Rxa4 56. Rg5+ Ke6 57. Kg6 Ra8 58. Kh7
Kf6 59. Rg6+ Kf7 60. Rg7+ Kf6 61. h6 Ra1 62. Rg8 Rh1 63. Rf8+ Ke7 64. Rf5 Rg1
65. Kh8 Rg2 66. Rf3 Rg1 1/2-1/2

[Event "8. Open Bali sub-2300"]
[Site "Benidorm ESP"]
[Date "2009.12.06"]
[Round "9.2"]
[White "Voiteanu, Gabriel"]
[Black "Dobre, Claudiu-Cristian"]
[Result "0-1"]
[WhiteElo "2257"]
[BlackElo "2286"]
[PlyCount "107"]
[EventDate "2009.11.28"]
[EventType "swiss"]
[EventRounds "10"]
[EventCountry "ESP"]
[Source "lmi"]
[SourceDate "2009.11.28"]

1. d4 f5 2. e4 fxe4 3. Nc3 Nf6 4. Bg5 c6 5. f3 Qa5 6. Bxf6 exf6 7. fxe4 Bb4 8.
Qd2 O-O 9. O-O-O d5 10. exd5 cxd5 11. a3 Bxc3 12. Qxc3 Qxc3 13. bxc3 Bg4 14.
Nf3 Nd7 15. c4 Rac8 16. cxd5 Nb6 17. Bd3 Nxd5 18. Rhe1 Nf4 19. Bf1 Rc3 20. Kb2
Rfc8 21. Re8+ Rxe8 22. Kxc3 Re3+ 23. Kb4 Kf8 24. d5 Ke7 25. d6+ Kd8 26. Rd4
Bxf3 27. Rxf4 Be4 28. c4 b6 29. c5 bxc5+ 30. Kxc5 f5 31. a4 Rc3+ 32. Kd4 Rc2
33. h4 Kd7 34. g4 g6 35. Bh3 Rd2+ 36. Kc4 Kxd6 37. gxf5 Ke5 38. Rg4 Bxf5 39.
Rg3 Rd4+ 40. Kb5 Rxh4 41. Bxf5 Kxf5 42. a5 Re4 43. Rf3+ Kg4 44. Rf7 h5 45. Rxa7
h4 46. a6 h3 47. Rg7 g5 48. a7 Re8 49. Kb6 h2 50. Rh7 Kg3 51. Kb7 g4 52. a8=Q
Rxa8 53. Kxa8 Kg2 54. Kb7 0-1

[Event "8. Open Bali sub-2300"]
[Site "Benidorm ESP"]
[Date "2009.12.06"]
[Round "9.3"]
[White "Virgillito, Cristian"]
[Black "Trepat Herranz, Joan"]
[Result "1/2-1/2"]
[WhiteElo "2223"]
[BlackElo "2284"]
[PlyCount "124"]
[EventDate "2009.11.28"]
[EventType "swiss"]
[EventRounds "10"]
[EventCountry "ESP"]
[Source "lmi"]
[SourceDate "2009.11.28"]

1. e4 c6 2. d4 d5 3. Nc3 dxe4 4. Nxe4 Nd7 5. Bd3 Ngf6 6. Ng5 e6 7. N1f3 Bd6 8.
Qe2 h6 9. Ne4 Nxe4 10. Qxe4 Qc7 11. Bd2 b6 12. Qg4 Kf8 13. O-O-O Nf6 14. Qh4
Nd5 15. Ne5 c5 16. Rhe1 Bb7 17. Kb1 Qe7 18. Qxe7+ Kxe7 19. c4 Nb4 20. Be4 Bxe4+
21. Rxe4 Bxe5 22. Bxb4 Bd6 23. dxc5 Bxc5 24. Bxc5+ bxc5 25. Re5 Rac8 26. Kc2 f6
27. Re3 Rhd8 28. Red3 h5 29. Rb3 Rxd1 30. Kxd1 Rc7 31. Rb8 g5 32. Kc2 Kd6 33.
Kc3 h4 34. a3 Ke5 35. b4 h3 36. gxh3 Ke4 37. Rd8 f5 38. Rd2 e5 39. bxc5 Rxc5
40. Kb4 Rc7 41. c5 Kf3 42. Rc2 e4 43. c6 f4 44. Kc5 e3 45. fxe3 fxe3 46. Kd6
Rc8 47. c7 e2 48. Rc1 Kf2 49. a4 e1=Q 50. Rxe1 Kxe1 51. Kd7 Rh8 52. c8=Q Rxc8
53. Kxc8 Kf2 54. Kd7 Kg2 55. Ke6 Kxh3 56. Kf5 g4 57. a5 a6 58. Kg5 g3 59. hxg3
Kxg3 60. Kf5 Kh4 61. Kg6 Kg4 62. Kf6 Kh5 1/2-1/2

[Event "8. Open Bali sub-2300"]
[Site "Benidorm ESP"]
[Date "2009.12.06"]
[Round "9.4"]
[White "Garbea, Bogdan"]
[Black "Turcu, Iulian"]
[Result "1-0"]
[WhiteElo "2254"]
[BlackElo "2197"]
[PlyCount "93"]
[EventDate "2009.11.28"]
[EventType "swiss"]
[EventRounds "10"]
[EventCountry "ESP"]
[Source "lmi"]
[SourceDate "2009.11.28"]

1. d4 Nf6 2. c4 e5 3. dxe5 Ng4 4. Nf3 Nc6 5. Bf4 Bb4+ 6. Nbd2 Qe7 7. a3 Bxd2+
8. Qxd2 Ncxe5 9. Nxe5 Nxe5 10. e3 d6 11. Be2 O-O 12. O-O b6 13. b4 Bb7 14. Qc3
Qf6 15. Rac1 a5 16. c5 axb4 17. axb4 Ra2 18. Rfe1 Rfa8 19. cxd6 cxd6 20. Qc7
Be4 21. f3 Nd3 22. Bxd3 Bxd3 23. Qc8+ Qd8 24. Qxd8+ Rxd8 25. Bxd6 Bf5 26. e4
Be6 27. Red1 b5 28. Bc5 Rxd1+ 29. Rxd1 g6 30. Rd8+ Kg7 31. Bd4+ f6 32. Rd6 Kf7
33. Rb6 f5 34. Rb7+ Ke8 35. exf5 Bxf5 36. Rxb5 h5 37. Rb7 h4 38. h3 Rd2 39. Bf6
Rd7 40. Rxd7 Kxd7 41. Bxh4 Bd3 42. Kf2 Ke6 43. Ke3 Bf1 44. Kf2 Bd3 45. g4 Kd5
46. Be7 Kc4 47. h4 1-0

[Event "8. Open Bali sub-2300"]
[Site "Benidorm ESP"]
[Date "2009.12.06"]
[Round "9.5"]
[White "Sabater Sanchez, Asensio"]
[Black "Ibarra Jerez, Juan Miguel"]
[Result "1/2-1/2"]
[WhiteElo "2230"]
[BlackElo "2244"]
[PlyCount "63"]
[EventDate "2009.11.28"]
[EventType "swiss"]
[EventRounds "10"]
[EventCountry "ESP"]
[Source "lmi"]
[SourceDate "2009.11.28"]

1. d4 Nf6 2. Nf3 g6 3. g3 Bg7 4. Bg2 O-O 5. O-O d6 6. c4 c5 7. Nc3 Nc6 8. h3
cxd4 9. Nxd4 Bd7 10. Nxc6 bxc6 11. Qc2 Rb8 12. b3 Qc8 13. Kh2 d5 14. Bf4 e5 15.
Bxe5 Ng4+ 16. hxg4 Bxe5 17. cxd5 cxd5 18. Rac1 d4 19. Nd5 Qxc2 20. Rxc2 Bxg4
21. Ne7+ Kg7 22. Nc6 Rbe8 23. Rd1 Bf6 24. Nxd4 Rd8 25. Rcd2 Rfe8 26. Bc6 Re5
27. Bf3 Bxf3 28. Nxf3 Rxe2 29. Rxe2 Rxd1 30. Kg2 Rd5 31. a4 Rd8 32. Rd2 1/2-1/2

[Event "8. Open Bali sub-2300"]
[Site "Benidorm ESP"]
[Date "2009.12.06"]
[Round "9.6"]
[White "Lillo Castay, Victor"]
[Black "Sanchez Jerez, Emilio Miguel"]
[Result "1/2-1/2"]
[WhiteElo "2256"]
[BlackElo "2298"]
[PlyCount "78"]
[EventDate "2009.11.28"]
[EventType "swiss"]
[EventRounds "10"]
[EventCountry "ESP"]
[Source "lmi"]
[SourceDate "2009.11.28"]

1. e4 e6 2. Nf3 d5 3. Nc3 Nf6 4. e5 Nfd7 5. d4 c5 6. dxc5 Nc6 7. Bf4 Nxc5 8.
Qd2 a6 9. a3 Be7 10. Bd3 O-O 11. O-O b5 12. Rfe1 Nxd3 13. cxd3 b4 14. axb4 Bxb4
15. d4 Na5 16. Qd3 h6 17. Nd2 Nc6 18. Rac1 f5 19. Nb3 Qe7 20. Bd2 Bd7 21. Na2
Rfb8 22. Nxb4 Nxb4 23. Bxb4 Rxb4 24. Rc7 Qd8 25. Rec1 Rab8 26. Qxa6 Rxb3 27.
Qa7 Qg5 28. h4 Qf4 29. Re1 Qxh4 30. Rxd7 Qg5 31. Re7 f4 32. Qd7 f3 33. Qxe6+
Kh7 34. g3 Rxb2 35. Qf6 Qg4 36. Qf4 Qxf4 37. gxf4 Rf8 38. Rd7 Rxf4 39. Rxd5 Re2
1/2-1/2

[Event "8. Open Bali sub-2300"]
[Site "Benidorm ESP"]
[Date "2009.12.06"]
[Round "9.7"]
[White "Renteria, Jorge"]
[Black "Taras, Dan-Gheorghe"]
[Result "1-0"]
[WhiteElo "2248"]
[BlackElo "2293"]
[PlyCount "79"]
[EventDate "2009.11.28"]
[EventType "swiss"]
[EventRounds "10"]
[EventCountry "ESP"]
[Source "lmi"]
[SourceDate "2009.11.28"]

1. e4 c5 2. Nf3 d6 3. d4 cxd4 4. Nxd4 Nf6 5. Nc3 a6 6. f3 e5 7. Nb3 Be6 8. Be3
Nbd7 9. Qd2 Be7 10. O-O-O b5 11. g4 h6 12. h4 Nb6 13. Bxb6 Qxb6 14. Nd5 Nxd5
15. exd5 Bd7 16. Na5 Bd8 17. Nc6 Bxc6 18. dxc6 Qxc6 19. Bg2 Rc8 20. f4 Qc4 21.
Kb1 O-O 22. fxe5 dxe5 23. g5 e4 24. Rhe1 Re8 25. c3 Bb6 26. gxh6 e3 27. Qc2 e2
28. Rd2 Qxh4 29. Rexe2 Qxh6 30. Be4 g6 31. a3 Rcd8 32. Rxd8 Bxd8 33. Rh2 Bh4
34. Bd5 Kg7 35. c4 Qf4 36. c5 Re1+ 37. Ka2 Bf6 38. c6 Rc1 39. Qe2 Qd6 40. Qd2
1-0

[Event "8. Open Bali sub-2300"]
[Site "Benidorm ESP"]
[Date "2009.12.06"]
[Round "9.8"]
[White "Aranda Gonzalez, Jose"]
[Black "Jordan Martinez, Miguel"]
[Result "1/2-1/2"]
[WhiteElo "2276"]
[BlackElo "2077"]
[PlyCount "38"]
[EventDate "2009.11.28"]
[EventType "swiss"]
[EventRounds "10"]
[EventCountry "ESP"]
[Source "lmi"]
[SourceDate "2009.11.28"]

1. e4 e6 2. d4 d5 3. Nc3 Nf6 4. exd5 exd5 5. Bd3 c6 6. Nge2 Be7 7. Ng3 Bg4 8.
Nce2 O-O 9. h3 Bxe2 10. Qxe2 Bb4+ 11. c3 Re8 12. Be3 Bd6 13. Nf5 Bf4 14. O-O
Bxe3 15. Nxe3 Nbd7 16. Qf3 Ne4 17. Rfe1 Qf6 18. Bxe4 Rxe4 19. Qxf6 Nxf6 1/2-1/2

[Event "8. Open Bali sub-2300"]
[Site "Benidorm ESP"]
[Date "2009.12.06"]
[Round "9.9"]
[White "Plass, Mariana-Camelia"]
[Black "Lapicki, Raul"]
[Result "1/2-1/2"]
[WhiteElo "2099"]
[BlackElo "2266"]
[PlyCount "22"]
[EventDate "2009.11.28"]
[EventType "swiss"]
[EventRounds "10"]
[EventCountry "ESP"]
[Source "lmi"]
[SourceDate "2009.11.28"]

1. d4 Nf6 2. c4 g6 3. Nc3 Bg7 4. e4 d6 5. Nf3 O-O 6. h3 e5 7. d5 a5 8. Bg5 Na6
9. g4 Nc5 10. Qc2 h6 11. Be3 h5 1/2-1/2

[Event "8. Open Bali sub-2300"]
[Site "Benidorm ESP"]
[Date "2009.12.06"]
[Round "9.10"]
[White "Jove Grau, Lluis"]
[Black "Arata, Roberto Mario"]
[Result "1-0"]
[WhiteElo "2205"]
[BlackElo "2257"]
[PlyCount "80"]
[EventDate "2009.11.28"]
[EventType "swiss"]
[EventRounds "10"]
[EventCountry "ESP"]
[Source "lmi"]
[SourceDate "2009.11.28"]

1. f4 d5 2. Nf3 g6 3. g3 Bg7 4. Bg2 Nh6 5. O-O O-O 6. d3 d4 7. c3 c5 8. e4 dxe3
9. Bxe3 Qc7 10. Kh1 Rd8 11. Qe2 b6 12. Na3 Bb7 13. Rfd1 Nc6 14. Nb5 Qc8 15. a4
Nf5 16. Bf2 a6 17. Na3 Nd6 18. Rac1 Re8 19. d4 cxd4 20. cxd4 Qd8 21. Ne5 Nb4
22. d5 a5 23. Nc6 Qd7 24. Nb5 Nc8 25. Nxb4 axb4 26. Rc7 Qd8 27. Rxb7 Rxa4 28.
Qc2 Ra2 29. Bd4 Bxd4 30. Nxd4 Nd6 31. Nc6 Qc8 32. Rxb6 Qg4 33. Rxb4 Nf5 34. Ne5
Ne3 35. Nxg4 Nxc2 36. Rb7 h5 37. Ne5 Kg7 38. Be4 Ne3 39. Re1 Ng4 40. Nxg4 hxg4
1-0

[Event "8. Open Bali sub-2300"]
[Site "Benidorm ESP"]
[Date "2009.12.06"]
[Round "9.11"]
[White "Poyato Sala, Josep Albert"]
[Black "Vlashki, Nino"]
[Result "1/2-1/2"]
[WhiteElo "2197"]
[BlackElo "2292"]
[PlyCount "102"]
[EventDate "2009.11.28"]
[EventType "swiss"]
[EventRounds "10"]
[EventCountry "ESP"]
[Source "lmi"]
[SourceDate "2009.11.28"]

1. d4 Nf6 2. Nf3 g6 3. c4 Bg7 4. Nc3 O-O 5. e4 c6 6. Be2 d5 7. e5 Ne4 8. cxd5
cxd5 9. Qb3 Nxc3 10. bxc3 Nc6 11. O-O b6 12. Be3 f6 13. exf6 exf6 14. Nd2 Be6
15. Rfe1 Na5 16. Qb4 Rf7 17. Bf4 Bf8 18. Qb2 Re7 19. Bd3 Bf7 20. Kf1 Rc8 21.
Ba6 Rc6 22. Bb5 Rce6 23. Rxe6 Rxe6 24. Re1 Rxe1+ 25. Kxe1 g5 26. Bg3 Bd6 27.
Bd3 h5 28. Qc2 Kg7 29. f3 h4 30. Bxd6 Qxd6 31. Nf1 Nc6 32. Kf2 Ne7 33. g3 hxg3+
34. hxg3 Be6 35. Ne3 Qc6 36. Qb3 Kf7 37. Bb5 Qd6 38. Bd3 f5 39. Qc2 f4 40. gxf4
Qxf4 41. Ng2 Qh2 42. Qc1 Kf6 43. Qg1 Qc7 44. Qh1 Qxc3 45. Qh6+ Kf7 46. Qh7+ Ke8
47. Qh8+ Bg8 48. Bh7 Kf7 49. Bxg8+ Nxg8 50. Qe5 Nf6 51. Ne3 Qd2+ 1/2-1/2

[Event "8. Open Bali sub-2300"]
[Site "Benidorm ESP"]
[Date "2009.12.06"]
[Round "9.12"]
[White "Tate, Alan"]
[Black "Chueca Forcen, Alberto"]
[Result "0-1"]
[WhiteElo "2195"]
[BlackElo "2280"]
[PlyCount "44"]
[EventDate "2009.11.28"]
[EventType "swiss"]
[EventRounds "10"]
[EventCountry "ESP"]
[Source "lmi"]
[SourceDate "2009.11.28"]

1. e4 Nf6 2. e5 Nd5 3. d4 d6 4. c4 Nb6 5. exd6 exd6 6. Nc3 Nc6 7. Be2 Be7 8.
Nf3 O-O 9. O-O Bf5 10. d5 Ne5 11. Nd4 Bd7 12. b3 f5 13. f4 Ng6 14. Bb2 Bf6 15.
Qd2 Qe7 16. Rfe1 Rae8 17. Kf2 Nxf4 18. Ne6 Bxe6 19. dxe6 Nxe6 20. Nd5 Nxd5 21.
cxd5 Bxb2 22. dxe6 Qh4+ 0-1

[Event "8. Open Bali sub-2300"]
[Site "Benidorm ESP"]
[Date "2009.12.06"]
[Round "9.13"]
[White "Picazo Lopez, Juan Antonio"]
[Black "Sanchez Quiroga, Miguel Angel"]
[Result "1/2-1/2"]
[WhiteElo "2264"]
[BlackElo "2195"]
[PlyCount "73"]
[EventDate "2009.11.28"]
[EventType "swiss"]
[EventRounds "10"]
[EventCountry "ESP"]
[Source "lmi"]
[SourceDate "2009.11.28"]

1. d4 f5 2. Bg5 g6 3. Nc3 d5 4. e3 Bg7 5. Bd3 c6 6. h4 Nh6 7. Bxh6 Bxh6 8. h5
Qd6 9. hxg6 hxg6 10. Nf3 Nd7 11. Qe2 e5 12. dxe5 Nxe5 13. Nxe5 Qxe5 14. g4 Bd7
15. gxf5 O-O-O 16. fxg6 d4 17. exd4 Qxd4 18. Rxh6 Rxh6 19. O-O-O Rh2 20. Qe7
Rxf2 21. Ne4 Rg2 22. Nd6+ Kc7 23. Nxb7 Qf4+ 24. Kb1 Re8 25. Qd6+ Qxd6 26. Nxd6
Re3 27. b3 Bg4 28. Nc4 Reg3 29. Re1 Rg1 30. Rxg1 Rxg1+ 31. Kb2 Bh5 32. Ne5 Kd6
33. Nc4+ Kd5 34. Ne3+ Ke5 35. Nc4+ Kd5 36. Ne3+ Ke5 37. Nc4+ 1/2-1/2

[Event "8. Open Bali sub-2300"]
[Site "Benidorm ESP"]
[Date "2009.12.06"]
[Round "9.14"]
[White "Avila Jimenez, Javier"]
[Black "Vega, Gomez Francisco B"]
[Result "0-1"]
[WhiteElo "2182"]
[BlackElo "2244"]
[PlyCount "104"]
[EventDate "2009.11.28"]
[EventType "swiss"]
[EventRounds "10"]
[EventCountry "ESP"]
[Source "lmi"]
[SourceDate "2009.11.28"]

1. d4 d6 2. c4 e5 3. Nf3 e4 4. Nfd2 f5 5. Nc3 Nf6 6. e3 Be7 7. Be2 O-O 8. b4 c5
9. b5 Kh8 10. Bb2 Be6 11. O-O Nbd7 12. a4 a5 13. bxa6 bxa6 14. a5 Rb8 15. Qc2
Qc7 16. d5 Bg8 17. f3 exf3 18. gxf3 f4 19. e4 Ne5 20. Nd1 Ng6 21. Nf2 Nd7 22.
Ng4 h5 23. Nf2 Nde5 24. Rfb1 Bf6 25. Bc3 Bf7 26. Kh1 Rxb1+ 27. Rxb1 Rb8 28. Rb3
Nf8 29. Bf1 g5 30. Bh3 Kg7 31. Qb2 Rxb3 32. Qxb3 Nfd7 33. Kg2 Kf8 34. Bf5 Be8
35. Kf1 Ke7 36. Ke2 Kd8 37. Be6 Nf8 38. Bf5 Bd7 39. Nb1 Bc8 40. Na3 Qb7 41. Qc2
Bxf5 42. exf5 g4 43. Ne4 gxf3+ 44. Kf1 Qe7 45. Qb2 Nfd7 46. Qf2 Kc7 47. Bd2 Qh7
48. Nxf6 Nxf6 49. Bxf4 Nfd7 50. Nb1 h4 51. Nd2 h3 52. Ne4 Qg8 0-1

[Event "8. Open Bali sub-2300"]
[Site "Benidorm ESP"]
[Date "2009.12.06"]
[Round "9.15"]
[White "Lanza, Luciano"]
[Black "Ballesteros Gonzalez, David"]
[Result "1-0"]
[WhiteElo "2178"]
[BlackElo "2240"]
[PlyCount "69"]
[EventDate "2009.11.28"]
[EventType "swiss"]
[EventRounds "10"]
[EventCountry "ESP"]
[Source "lmi"]
[SourceDate "2009.11.28"]

1. e4 g6 2. d4 d6 3. Nc3 c6 4. Be3 Bg7 5. Qd2 b5 6. f3 b4 7. Nce2 Qb6 8. g4 a5
9. Ng3 Na6 10. Bc4 Nc7 11. N1e2 d5 12. Bd3 dxe4 13. Nxe4 Nd5 14. Bf2 Bh6 15. g5
Bg7 16. Bc4 h6 17. Nf4 Qd8 18. O-O-O hxg5 19. Nxg5 Bf5 20. h4 Ngf6 21. Rdg1 Nh5
22. Nxh5 Rxh5 23. Kb1 Qb6 24. Re1 a4 25. Ne4 b3 26. Nd6+ Kf8 27. Nxf5 bxc2+ 28.
Qxc2 Rxf5 29. h5 a3 30. hxg6 fxg6 31. Re6 Rb8 32. b3 Qa5 33. Rxg6 Rxf3 34. Rxg7
Qc3 35. Rg8+ 1-0

[Event "8. Open Bali sub-2300"]
[Site "Benidorm ESP"]
[Date "2009.12.06"]
[Round "9.24"]
[White "Montero Fernandez, Oscar"]
[Black "Muelas Cerezuela, Jose"]
[Result "0-1"]
[WhiteElo "2223"]
[BlackElo "2087"]
[PlyCount "30"]
[EventDate "2009.11.28"]
[EventType "swiss"]
[EventRounds "10"]
[EventCountry "ESP"]
[Source "lmi"]
[SourceDate "2009.11.28"]

1. d4 e6 2. c4 Nf6 3. Nf3 Bb4+ 4. Nbd2 O-O 5. a3 Bxd2+ 6. Qxd2 d6 7. b4 Nbd7 8.
Bb2 Qe7 9. e3 e5 10. dxe5 Nxe5 11. Nd4 Ne4 12. Qc2 Ng4 13. Bd3 Nexf2 14. Bxh7+
Kh8 15. O-O Qh4 0-1

[Event "8. Open Bali sub-2300"]
[Site "Benidorm ESP"]
[Date "2009.12.06"]
[Round "9.32"]
[White "Martinez Vicente, Gregorio"]
[Black "Sanchez Barbado, Carlos"]
[Result "1-0"]
[WhiteElo "2077"]
[BlackElo "2183"]
[PlyCount "40"]
[EventDate "2009.11.28"]
[EventType "swiss"]
[EventRounds "10"]
[EventCountry "ESP"]
[Source "lmi"]
[SourceDate "2009.11.28"]

1. Nf3 f5 2. c4 Nf6 3. g3 e6 4. Bg2 Be7 5. O-O O-O 6. d4 d6 7. Nc3 Ne4 8. Qc2
Nxc3 9. bxc3 Nc6 10. e4 e5 11. Rd1 Qe8 12. d5 Na5 13. Nd2 b6 14. Bf1 Qh5 15.
Bd3 f4 16. Re1 fxg3 17. hxg3 Rxf2 18. Kxf2 Qh2+ 19. Kf3 Bg4+ 20. Kxg4 Rf8 1-0

[Event "8. Open Bali sub-2300"]
[Site "Benidorm ESP"]
[Date "2009.12.06"]
[Round "9.37"]
[White "Gonzalez Aguirre, Luis"]
[Black "Bailo Remacha, Santiago"]
[Result "0-1"]
[WhiteElo "2152"]
[BlackElo "2011"]
[PlyCount "50"]
[EventDate "2009.11.28"]
[EventType "swiss"]
[EventRounds "10"]
[EventCountry "ESP"]
[Source "lmi"]
[SourceDate "2009.11.28"]

1. c4 c5 2. g3 g6 3. Bg2 Bg7 4. Nc3 Nc6 5. a3 b6 6. b4 cxb4 7. axb4 Bb7 8. e3
Qc8 9. d4 Nxd4 10. Bd5 Bxd5 11. Nxd5 Qxc4 12. exd4 Qxd5 13. Nf3 Nf6 14. O-O O-O
15. Re1 e6 16. Rb1 d6 17. b5 Rfc8 18. Nh4 Ne4 19. Bb2 Nc3 20. Bxc3 Rxc3 21. Qe2
Bxd4 22. Red1 e5 23. Qd2 Rac8 24. Rbc1 Rxc1 25. Rxc1 Bxf2+ 0-1

[Event "8. Open Bali sub-2300"]
[Site "Benidorm ESP"]
[Date "2009.12.06"]
[Round "9.45"]
[White "Rodriguez Ferrer, Pablo"]
[Black "Cucarella Montell, Angels"]
[Result "1/2-1/2"]
[WhiteElo "2088"]
[BlackElo "1925"]
[PlyCount "43"]
[EventDate "2009.11.28"]
[EventType "swiss"]
[EventRounds "10"]
[EventCountry "ESP"]
[Source "lmi"]
[SourceDate "2009.11.28"]

1. e4 c5 2. Nc3 e6 3. g3 Nc6 4. Bg2 Nf6 5. d3 d5 6. f4 Be7 7. Nf3 dxe4 8. Nxe4
O-O 9. O-O Qc7 10. Be3 b6 11. h3 Nd5 12. Bf2 Bb7 13. Nfd2 Rac8 14. Nc4 Rfd8 15.
Qh5 Nf6 16. Qe2 Nd4 17. Bxd4 cxd4 18. Nxf6+ Bxf6 19. Bxb7 Qxb7 20. a4 Qc6 21.
Qg2 Qc5 22. Rae1 1/2-1/2

[Event "8. Open Bali sub-2300"]
[Site "Benidorm ESP"]
[Date "2009.12.06"]
[Round "9.47"]
[White "Glaria Tevar, Salvador"]
[Black "Andres Terrado, Miguel Angel"]
[Result "1/2-1/2"]
[WhiteElo "1944"]
[BlackElo "2062"]
[PlyCount "23"]
[EventDate "2009.11.28"]
[EventType "swiss"]
[EventRounds "10"]
[EventCountry "ESP"]
[Source "lmi"]
[SourceDate "2009.11.28"]

1. d4 Nf6 2. Nf3 g6 3. Nc3 Bg7 4. e4 d6 5. Be2 O-O 6. h3 e5 7. dxe5 dxe5 8. Bg5
c6 9. O-O Qc7 10. Bc4 b5 11. Bd3 Be6 12. Qe2 1/2-1/2

[Event "8. Open Bali sub-2300"]
[Site "Benidorm ESP"]
[Date "2009.12.07"]
[Round "10.1"]
[White "Dobre, Claudiu-Cristian"]
[Black "Nikolaidis, Konstantinos"]
[Result "1/2-1/2"]
[WhiteElo "2286"]
[BlackElo "2241"]
[PlyCount "66"]
[EventDate "2009.11.28"]
[EventType "swiss"]
[EventRounds "10"]
[EventCountry "ESP"]
[Source "lmi"]
[SourceDate "2009.11.28"]

1. b3 e5 2. Bb2 d6 3. e3 Nf6 4. c4 g6 5. d4 e4 6. d5 Bg7 7. Nd2 O-O 8. Qc2 Re8
9. Ne2 Qe7 10. Nc3 Bf5 11. h3 h5 12. a3 Nbd7 13. Nb5 Nc5 14. Nd4 Qd7 15. Nxf5
Qxf5 16. Bd4 c6 17. b4 Nd3+ 18. Bxd3 exd3 19. Qb2 cxd5 20. O-O Rec8 21. Rac1
Ne8 22. Bxg7 Nxg7 23. Rfd1 Ne6 24. cxd5 Qxd5 25. Qb3 Rxc1 26. Rxc1 Qxb3 27.
Nxb3 Kf8 28. Kf1 Ke7 29. Ke1 Kd7 30. Kd2 Rc8 31. Rxc8 Kxc8 32. Kxd3 Kd7 33. Nd4
Nc7 1/2-1/2